00521nam a2200181 a 45000010005000000030009000050080041000140400028000550820017000831000019001002450094001192500007002132600031002203000010002514900030002616500020002916500028003113176CO-ViMGA141112s2004 ck r 000 u spa d aCO-ViMGAbspacCO-ViMGA04a370.152 M1461 aMayor, Suzanne10aActividades para niños con problemas de aprendizaje / cMajor Suzanne , Walsh Mary Ann  a3a aBarcelona : bCeac, c1988 a131 p aEducación y enseñanza14aAnn Walsh, Mary14aAPRENDIZAJE - PROBLEMAS